000
00263nam a2200109Ia 4500
008
220204s9999 xx 000 0 und d
082
_a
82-3
_b
SHA
100
_a
Shaw, Irwin
245
0
_a
Rich man, poor man
260
_a
Bombay
_b
India Book house
_c
1970
942
_c
BK
999
_c
33228
_d
33228